Neinvazívny skríning oknologických ochorení založený na dĺžke fragmentu a pozícii na ľudskom genóme

Gespeichert in:
Bibliographische Detailangaben
1. Verfasser: Gažík, Andrej (Verfasst von)
Weitere Verfasser: Gazdarica, Juraj (Betreuung Doktorarbeit)
Format: Manuskript Buch
Sprache:Slowakisch
Veröffentlicht: 2025
Schlagworte:
Online-Zugang:http://is.stuba.sk/zp/portal_zp.pl?podrobnosti=177200
Tags: Tag hinzufügen
Keine Tags, Fügen Sie das erste Tag hinzu!

MARC

LEADER 00000ntm a22000003a 4500
001 stuzp105765
003 SK-STU
005 20250607211522.3
007 ta
008 150427s2015----xo-----f-mn---000-0-slo-d
040 |a STU  |b slo 
041 0 |a slo 
100 1 |a Gažík, Andrej  |u 070200  |4 aut  |U FIIT Fakulta informatiky a informačných technológií  |T FIIT Ústav informatiky, informačných systémov a softvérového inžinierstva  |X 98875  |U I200  |Y 179  |7 98875 
242 0 1 |a Non-Invasive Screening of Oncology Diseases Based on Fragment Length and Position on Human Genome  |y eng 
245 1 0 |a Neinvazívny skríning oknologických ochorení založený na dĺžke fragmentu a pozícii na ľudskom genóme 
260 |c 2025 
650 4 |a Screening  |2 eng 
650 4 |a Oncology  |2 eng 
650 4 |a Machine learning  |2 eng 
650 4 |a DNA fragments length profiles  |2 eng 
650 4 |a Liquid biopsy  |2 eng 
650 4 |a Skríning  |2 slo 
650 4 |a Onkológia  |2 slo 
650 4 |a Strojové učenie  |2 slo 
650 4 |a Dĺžkový profil DNA fragmentov  |2 slo 
650 4 |a Tekutá biopsia  |2 slo 
700 1 |a Gazdarica, Juraj  |4 ths  |X 118539  |7 118539 
856 4 |u http://is.stuba.sk/zp/portal_zp.pl?podrobnosti=177200